Y la Argentina detuvo su corazón /
Con el soporte de un importante material de archivo en color, un acercamiento a la mujer emblema del peronismo, María Eva Duarte de Perón, Evita, elaborado con motivo de los 55 años de su muerte.
Guardado en:
| Autor Principal: | |
|---|---|
| Autores Corporativos: | , |
| Otros Autores: | |
| Formato: | |
| Publicado: |
Argentina,
2009
|
| Series: | Historia de un País, Argentina Siglo XX
|
| Materias: | |
| Acceso en línea: | https://www.educ.ar/recursos/100391/y-la-argentina-detuvo-su-corazon |
| Etiquetas: |
Agregar Etiqueta
Sin Etiquetas, Sea el primero en etiquetar este registro!
|
| LEADER | 01247ngm a22003255g 4500 | ||
|---|---|---|---|
| 001 | CEM.cems023158 | ||
| 008 | 130507s2009##################0###0#####d | ||
| 005 | 20241216191740.0 | ||
| 245 | 1 | 0 | |a Y la Argentina detuvo su corazón / |c Sebastián Mignona. |
| 260 | |a Argentina, |c 2009 | ||
| 300 | |a 30'. | ||
| 490 | 0 | |a Historia de un País, Argentina Siglo XX | |
| 500 | |a Consultar en ventanilla. | ||
| 520 | |a Con el soporte de un importante material de archivo en color, un acercamiento a la mujer emblema del peronismo, María Eva Duarte de Perón, Evita, elaborado con motivo de los 55 años de su muerte. | ||
| 538 | |a Soporte: DVD - Color: Si - Grabación DRD | ||
| 100 | 1 | |a Mignona, Sebastián | |
| 700 | 1 | |a Palomino, Juan; Voz en off. | |
| 710 | 2 | |a Canal Encuentro. | |
| 710 | 2 | |a El Perro en la Luna. | |
| 082 | 9 | 8 | |/ MIG-3 |
| 653 | |a HISTORIA | ||
| 653 | |a HISTORIA ARGENTINA | ||
| 653 | |a PERONISMO | ||
| 653 | |a EVA PERÓN | ||
| 653 | |a HISTORIA ARGENTINA CONTEMPORÁNEA | ||
| 653 | |a SERIE DE TELEVISIÓN | ||
| 653 | |a NIVEL PRIMARIO | ||
| 653 | |a NIVEL SECUNDARIO | ||
| 856 | |u https://www.educ.ar/recursos/100391/y-la-argentina-detuvo-su-corazon | ||
| 859 | |a CEMS |b BIB. CEMS - Depto. Recursos Didacticos |h 982 |i MIG-3 |k DRD |p 1801.13 |t Ej.1 | ||
